Loading...
| Science - Biology | 0 | 9 | 1 | 2 | 85 | 44 | 101.67 | 2 | 2 | 11.69 | 35.23 |
| Religion | 0 | 6 | 2 | 1 | 50 | 90 | 115.00 | 0 | 2 | 5.55 | 17.98 |
| Literature - World | 0 | 3 | 1 | 0 | 25 | 113 | 125.33 | 0 | 0 | 2.39 | 8.71 |
| Literature - British | 0 | 3 | 1 | 2 | 25 | 121 | 141.00 | 0 | 0 | 1.35 | 4.98 |
| History - World | 0 | 2 | 1 | 0 | 15 | 80 | 83.00 | 1 | 2 | 4.25 | 11.03 |
| Mythology | 0 | 1 | 0 | 0 | 10 | 140 | 140.00 | 0 | 0 | 0.00 | 0.66 |
| History - Other | 0 | 1 | 0 | 1 | 10 | 107 | 107.00 | 0 | 0 | 0.81 | 3.82 |
| Literature - European | 0 | 1 | 0 | 0 | 10 | 126 | 126.00 | 1 | 1 | 1.34 | 5.64 |
| History - American | 0 | 1 | 0 | 1 | 10 | 127 | 127.00 | 0 | 0 | 0.18 | 2.12 |
| Current Events | 0 | 1 | 1 | 1 | 5 | 144 | 144.00 | 0 | 0 | -0.14 | 0.42 |
| Literature - American | 0 | 1 | 1 | 0 | 5 | 109 | 109.00 | 0 | 0 | 1.64 | 2.70 |
| Fine Arts - Painting & Sculpture | 0 | 0 | 0 | 0 | 0 | 0.00 | 0 | 0 | 0.00 | 0.00 | |
| Science - Chemistry | 0 | 0 | 1 | 0 | -5 | 0.00 | 0 | 0 | 0.00 | 0.00 | |
| Science - Physics | 0 | 0 | 1 | 0 | -5 | 0.00 | 0 | 0 | 0.00 | 0.00 | |
| Social Science | 0 | 0 | 1 | 0 | -5 | 0.00 | 0 | 0 | 0.00 | 0.00 |